Real Madrid - Les 10 Derniers Entraîneurs - Statistiques

Statistiques générales
  • Ce quiz a été pris 478 fois
  • Le résultat moyen est 6 sur 10
Statistiques - réponses
Période Nationalité Entraîneurs % Correct
2019-2021 France Zinédine Zidane
100%
2021- Italie Carlo Ancelotti
99%
2016-2018 France Zinédine Zidane
84%
2010-2013 Portugal José Mourinho
78%
2013-2015 Italie Carlo Ancelotti
76%
2015-2016 Espagne Rafael Benitez
50%
2018-2018 Espagne Julen Lopetegui
39%
2018-2019 Argentine Santiago Solari
35%
2009-2010 Chili Manuel Pellegrini
30%
2008-2009 Espagne Juande Ramos
4%
Aucun quiz correspondant
Distribution des résultats
% des personnes avec chaque résultat
Percentile par nombre de réponses
Votre historique - résultats
Vous n’avez pas pris ce quiz